<?xml version="1.0" encoding="UTF-8"?>
<collection xmlns="http://www.loc.gov/MARC21/slim">
 <record>
  <leader>00646pamaa2200193   4500</leader>
  <controlfield tag="001">0000048112</controlfield>
  <controlfield tag="005">20101013090000.0</controlfield>
  <controlfield tag="008">101013                             eng  </controlfield>
  <datafield tag="020" ind1="0" ind2="0">
   <subfield code="a">082648946X (pbk.) </subfield>
  </datafield>
  <datafield tag="090" ind1="0" ind2="0">
   <subfield code="a">P291 </subfield>
   <subfield code="b">MOR 2006</subfield>
  </datafield>
  <datafield tag="100" ind1="1" ind2="0">
   <subfield code="a">Moravcsik </subfield>
  </datafield>
  <datafield tag="245" ind1="1" ind2="3">
   <subfield code="a">An introduction to syntax : </subfield>
   <subfield code="b">fundamentals of syntactic analysis  </subfield>
   <subfield code="c">Edith Moravcsik.</subfield>
  </datafield>
  <datafield tag="260" ind1="0" ind2="0">
   <subfield code="a">London ; New York: </subfield>
   <subfield code="b">Continuum, </subfield>
   <subfield code="c">2006.</subfield>
  </datafield>
  <datafield tag="300" ind1=" " ind2=" ">
   <subfield code="a">xiv, 273 p.; </subfield>
   <subfield code="c">24 cm.</subfield>
  </datafield>
  <datafield tag="504" ind1="0" ind2="0">
   <subfield code="a">Includes bibliographical references (p. [259]-268) and index</subfield>
  </datafield>
  <datafield tag="650" ind1="0" ind2="0">
   <subfield code="a">Syntaxis </subfield>
  </datafield>
  <datafield tag="650" ind1="0" ind2="0">
   <subfield code="a">Grammar, Comparative and general -- </subfield>
   <subfield code="x">Syntax </subfield>
  </datafield>
  <datafield tag="901" ind1=" " ind2=" ">
   <subfield code="u">http://www.Continuumbooks.com</subfield>
  </datafield>
 </record>
</collection>
